000 00786nam a2200205Ia 4500
999 _c40162
_d40162
001 6768
003 GE_BSU
005 20200115133639.0
008 181216s1954||||ge |||||||||||||| ||geo||
040 _cGE_BSU
080 _a821.353.1-31 გ-59
100 _aგოგიავა, კლიმენტი.
_95998
245 _aახალი ნერგი :
_bრომანი /
_cკლიმენტი გოგიავა ; რედ. ლ. კალანდაძე.
264 _aთბილისი :
_bსაბლიტგამი,
_c1954.
300 _a221 გვ.;
_c20 სმ.
653 _aახალი ნერგი
653 _aრომანი
700 _aკალანდაძე, ლ.
_eრედაქტორი
_96059
942 _cBK
_2udc